[Event "Urals-ch"]
[Site "Khanty-Mansiysk"]
[Date "2021.03.14"]
[Round "4"]
[White "Balandin, Semen"]
[Black "Yadigarov, Aivaz"]
[Result "1-0"]
[WhiteElo "1663"]
[BlackElo "1958"]
[PlyCount "90"]
[EventDate "2021.03.11"]
[EventType "swiss"]
[EventRounds "9"]
[EventCountry "RUS"]
[SourceTitle "CBM 201 Extra"]
[Source "ChessBase"]
[SourceDate "2021.05.31"]
[SourceVersion "1"]
[SourceVersionDate "2021.05.31"]
[SourceQuality "1"]

1. e4 c5 2. Nf3 d6 3. d4 cxd4 4. Nxd4 Nf6 5. Nc3 a6 6. Be3 e5 7. Nb3 Be7 8. f3 Be6 9. Qd2 Nbd7 10. 0-0-0 Nb6 11. Na5 Rb8 12. g4 Nfd7 13. Rg1 h6 14. Nd5 Bxd5 15. exd5 Bg5 16. Kb1 Bxe3 17. Qxe3 Nf6 18. Qa3 Qc7 19. c4 Rc8 20. Bd3 e4 21. Bxe4 Nxe4 22. Rge1 0-0 23. Rxe4 Rfe8 24. c5 Rxe4 25. fxe4 dxc5 26. d6 Qd7 27. Qb3 Qxg4 28. Rf1 Qxe4+ 29. Ka1 Re8 30. Qxf7+ Kh7 31. a3 Rd8 32. Qc7 Qd3 33. Rg1 Qd4 34. Rxg7+ Qxg7 35. Qxd8 Nd5 36. Qc8 Qd4 37. Qxb7+ Kg6 38. Qb3 Nf6 39. Qe6 Kg5 40. Nc4 Kf4 41. Ka2 h5 42. Nb6 Ne4 43. d7 c4 44. Nd5+ Kf3 45. d8Q Nc3+ 1-0

[Event "Urals-ch"]
[Site "Khanty-Mansiysk"]
[Date "2021.03.12"]
[Round "2"]
[White "Balandin, Semen"]
[Black "Garifullina, Leya"]
[Result "0-1"]
[WhiteElo "1663"]
[BlackElo "2375"]
[PlyCount "110"]
[EventDate "2021.03.11"]
[EventType "swiss"]
[EventRounds "9"]
[EventCountry "RUS"]
[SourceTitle "CBM 201 Extra"]
[Source "ChessBase"]
[SourceDate "2021.05.31"]
[SourceVersion "1"]
[SourceVersionDate "2021.05.31"]
[SourceQuality "1"]

1. e4 c5 2. Nf3 d6 3. d4 cxd4 4. Nxd4 Nf6 5. Nc3 a6 6. Be3 e5 7. Nb3 Be6 8. f3 h5 9. Qd2 Nbd7 10. 0-0-0 Rc8 11. Kb1 Be7 12. Nd5 Bxd5 13. exd5 Nb6 14. Qa5 Qc7 15. c3 Bd8 16. Be2 Nbxd5 17. Rxd5 Qc6 18. Rxe5+ dxe5 19. Qxe5+ Qe6 20. Qxe6+ fxe6 21. Rd1 Kf7 22. Bd4 Nd5 23. Nc5 Rc7 24. c4 Nb6 25. b4 Be7 26. Be5 Rcc8 27. Nxb7 Bxb4 28. Bd6 Kg8 29. Bxb4 Rb8 30. Rd8+ Kh7 31. Bd3+ g6 32. Rxh8+ Kxh8 33. Bd6 Rxb7 34. Kc2 Kg7 35. c5 Nd5 36. Be4 Kf7 37. Kd3 Rb1 38. Kd4 Rd1+ 39. Ke5 g5 40. h4 Ne3 41. hxg5 Nc4+ 42. Kf4 Nxd6 43. cxd6 Rxd6 44. Ke3 Rb6 45. g3 Rb2 46. a4 Rg2 47. Kf4 Ra2 48. Bc6 Rc2 49. Be4 Rc4 50. Ke5 Rxa4 51. g6+ Ke7 52. Kf4 Kf6 53. Ke3 Ra2 54. Kf4 e5+ 55. Ke3 Rg2 0-1